000 01483cam a2200325 i 4500
999 _c1969
_d1969
001 18450899
003 OSt
005 20230222083645.0
008 150115s2016 iluab j b 001 0 eng
010 _a 2014049776
020 _a9781484625798 (pb)
040 _aDLC
_beng
_cDLC
_erda
_dDLC
_dKH8
042 _apcc
043 _aa-cc---
082 0 0 _a931.02 HIL
_223
100 1 _aHile, Lori,
_eauthor.
245 1 0 _aDaily life in Shang Dynasty China /
_cLori Hile.
264 1 _aChicago, Illinois :
_bHeinemann Raintree,
_c[2016]
300 _a48 pages :
_bcolor illustrations, map ;
_c25 cm.
336 _atext
_2rdacontent
337 _aunmediated
_2rdamedia
338 _avolume
_2rdacarrier
490 0 _aDaily life in ancient civilizations
504 _aIncludes bibliographical references (page 47).
505 0 _aWhat was the Shang Dynasty? -- How did people in Shang Dynasty China worship God? -- What was Shang home and family life like? -- What kind of work did the people of the Shang Dynasty do? -- How did the Shang prevent and treat illnesses? -- How did the Shang prepare for battles and war? -- How is modern life like that in Shang Dynasty China? -- A day in the life of a Shang Dynasty girl -- Timeline.
651 0 _aChina
_xHistory
_yShang dynasty, 1766-1122 B.C.
_vJuvenile literature.
906 _a7
_bcbc
_corignew
_d1
_eecip
_f20
_gy-gencatlg
942 _2ddc
_cNFIC